000 00735cam a22002413a 4500
001 41282
003 PGUSA
005 20140828083929.0
008 121103s2012||||xxu|||||s|||||000 | eng d
040 _aPGUSA
_beng
042 _adc
100 1 _aBattell, Andrew
245 1 4 _aThe Strange Adventures of Andrew Battell :
_bof Leigh, in Angola and the Adjoining Regions
_h[electronic resource] /
_cAndrew Battell
260 _bProject Gutenberg,
_c2012
506 _aPublic domain in the USA.
516 _aElectronic text
700 1 _aPurchas, Samuel
700 1 _aRavenstein, Ernest George
700 1 _aKnivet, Anthony
830 0 _aProject Gutenberg
_v41282
856 4 0 _uhttp://www.gutenberg.org/ebooks/41282
942 _cEB
999 _c270534
_d270534